Statistics for How many times can you type Brunei's capital in 15 seconds?

Click here to take the quiz!

General Stats

  • This quiz has been taken 573 times
  • The average score is 34 of 119

Answer Stats

1% Correct
B
100%
A
89%
N
86%
D
85%
A
82%
R
80%
E
77%
I
77%
R
77%
S
77%
B
75%
E
71%
G
71%
A
70%
A
70%
W
70%
N
69%
B
61%
A
60%
D
60%
N
60%
A
59%
R
58%
S
56%
E
55%
R
53%
I
52%
A
51%
B
51%
E
51%
G
51%
W
49%
A
47%
N
47%
B
45%
A
44%
N
42%
D
41%
A
40%
R
39%
B
38%
E
38%
I
38%
R
38%
S
38%
E
36%
G
35%
A
34%
W
32%
A
31%
N
31%
A
29%
B
29%
N
27%
D
26%
A
24%
R
23%
E
22%
R
22%
S
22%
I
21%
B
19%
E
18%
G
15%
A
14%
A
14%
W
14%
N
13%
B
10%
A
9%
N
8%
A
7%
D
7%
R
6%
E
5%
S
5%
B
4%
B
4%
E
4%
I
4%
R
4%
A
3%
A
3%
A
3%
A
3%
D
3%
G
3%
N
3%
N
3%
R
3%
W
3%
A
2%
A
2%
A
2%
A
2%
B
2%
B
2%
D
2%
E
2%
E
2%
G
2%
I
2%
N
2%
N
2%
R
2%
R
2%
S
2%
W
2%
B
1%
E
1%
E
1%
G
1%
I
1%
N
1%
R
1%
S
1%
A
0%
A
0%
W
0%

Score Distribution

Percentile by Number Answered

Percent of People with Each Score

Your Score History

You have not taken this quiz